Elite Ball Knowledge Quiz - Statistics

General Stats
  • This quiz has been taken 859 times
  • The average score is 11 of 24
Answer Stats
Hint Answer % Correct
What movie was Michael Jordan in? Space Jam
94%
NBA team with the most championships____. Boston Celtics
92%
Where did Tom Brady go to college? Michigan
84%
Where did LeBron go to high school? St. Vincent St. Mary
77%
2022 Super Bowl Winner_____. Los Angles Rams
73%
NBA all time assist leader_____. John Stockton
70%
Name a team that has made it to the NCAAMB final four in the last 2 years. UconnPurdue Alabama NC State North Carolina State San Diego State Miami Florida Atlantic FAU
68%
NBA team that used to be in Vancouver___. Grizzlies
57%
Name a player who is a part of the MLB 40 HR-40 steals club. Shohei OhtaniRonald Acuna Jr. Alfonso Soriano Alex Rodriguez Barry Bonds José Canseco
57%
NBA player who both Devin Booker and Damian Lillard have made a game winner on while he was guarding them___. Paul George
56%
2024 MLB NL rookie of the year? Paul Skenes
51%
College basketball team who won 7 championships in a row_____. UCLA
49%
MLB pitcher with the most strikeouts all time_____. Nolan Ryan
45%
Which Baylor QB is the only Heisman winner in school history? Robert Griffin III
45%
Where did James Harden go to college? Arizona State
36%
Who was the cover of Madden 12? Peyton Hillis
28%
Sponsor of the Cotton Bowl_____. Goodyear
27%
Quarterback that went to Louisiana Tech that won 4 super bowls__. Terry Bradshaw
23%
What is Western Kentucky's mascot name? Big Red
17%
Walk on at Kansas State who went on to have a successful career with the Green Bay Packers______. Jordy Nelson
13%
Who is the only player to be unanimously voted into the MLB hall of Fame? Mariano Rivera
13%
Finish the quote: "85 yards through the _______________." Heart of the south
10%
Where did Steven Kwan go to college? Oregon State
8%
QB of the 2002 national championship Ohio State Buckeyes_____. Craig Krenzel
2%
No matching quizzes found
Score Distribution
Percent of People with Each Score
Percentile by Number Answered
Your Score History
You have not taken this quiz